000 00789nab a2200253 u 4500
001 09546
003 HDC
007 cr bn ---aaaaa
008 210202c mydr|nes 0 a may d
040 _aHDC
245 0 _aMKP perkenalkan masakan Malaysia ke dunia luar
260 _aKuala Lumpur :
_bUtusan Malaysia,
_c2012
336 _atext
_2rdacontent
337 _acomputer
_2rdamedia
338 _aonline resource
_2rdacarrier
650 _aExport
650 _aExport market
_97470
650 _aHalal industry
650 _az Malaysia
_920319
856 _zRequest full-text at [email protected]
942 _2lcc
942 _cNEWS
942 _kNWSC 003001
999 _c6869
_d6869